000 00613nmm a2200169Ia 4500
008 251105s9999||||xx |||||||||||||||||und||
020 _a9789587382594
041 _aspa
100 _aCepeda Ulloa, Fernando
245 0 _aPérdida de la investidura, 1991-2011 : una herramienta eficaz contra la corrupción de los congresistas, diputados y concejales
264 _a[Bogotá, Colombia] :
_bUniversidad del Rosario,
_c2012
300 _a194 páginas
490 _aCiencia política y gobierno
650 _aPolitical Science (General)
856 _uhttps://public.digitaliapublishing.com/a/18994
942 _cCF
999 _c95718
_d95718